[Event "45th Olympiad 2024"]
[Site "Budapest HUN"]
[Date "2024.09.18"]
[Round "7.62"]
[Board "2"]
[White "Kyaw Zay Ya"]
[Black "Tsige, Addisalem Temesgen"]
[Result "1/2-1/2"]
[WhiteElo "1818"]
[BlackElo "2068"]
[PlyCount "57"]
[EventDate "2024.09.11"]
[WhiteTeam "Myanmar"]
[BlackTeam "Ethiopia"]
[WhiteTeamCountry "MYA"]
[BlackTeamCountry "ETH"]

1. e4 c5 2. Nf3 g6 3. d4 cxd4 4. Qxd4 Nf6 5. e5 Nc6 6. Qc3 e6 ({RR} 6... Ne4 7. Qe3 Qa5+ 8. c3 d5 9. Nbd2 Bg7 10. Nxe4 dxe4 11. Qxe4 Bf5 12. Qh4 Nxe5 13. Nxe5 Bxe5 14. Bd2 O-O 15. Bc4 {½-½ Rizouk,A (2501)-Frois,A (2376) Balaguer op 2003 (5)}) 7. Bg5 $146 ({RR} 7. Bd2 Ne4 8. Qe3 Nxd2 9. Nbxd2 Bg7 10. Bb5 a6 11. Bxc6 bxc6 12. O-O O-O 13. Nc4 f6 14. Rad1 fxe5 15. Nfxe5 Qc7 16. Nd6 Bxe5 17. Qxe5 Rf5 18. Qc3 Rh5 19. h3 Bb7 20. Ne4 Rf5 21. Nf6+ Rxf6 {0-1 Beukema,J-Rajaryan,K Wch U08 Kemer 2009 (4)}) ({RR} 7. a3 Nd5 8. Qd3 Bg7 9. c4 Nde7 10. Qd6 Nxe5 11. Nxe5 Qa5+ 12. Bd2 Qxe5+ 13. Qxe5 Bxe5 14. Bc3 Nc6 15. Bxe5 Nxe5 16. Nc3 a6 17. Ne4 Ke7 18. h4 f5 19. Nc3 d6 20. h5 Bd7 21. hxg6 hxg6 {0-1 Sultan Jabir,A (1064)-Ghnatios,R (1805) Sharjah Blitz op 27th 2022 (9)}) ({RR} 7. Bd2 Ne4 8. Qe3 Nxd2 9. Nbxd2 Bg7 10. Nc4 O-O 11. c3 f6 12. exf6 Bxf6 13. Nd6 Be7 14. Rd1 Qc7 15. Qd2 Bxd6 16. Qxd6 Qxd6 17. Rxd6 Rf5 18. Bd3 Rh5 19. O-O Ne7 20. Be4 Rb8 21. Rfd1 {0-1 Mascarenhas,A-Fernandes,H BRA-chT Inter-Clubes 8th 1989 (2)}) ({RR} 7. a3 Nd5 8. Qb3 Bg7 9. c4 Nde7 10. Bf4 O-O 11. Nc3 a6 12. Qc2 Qc7 13. Qe4 b6 14. Bd3 Bb7 15. Qe2 f6 16. exf6 Qxf4 17. fxg7 Kxg7 18. Be4 d5 19. cxd5 exd5 20. Bd3 Rae8 21. O-O Nf5 {0-1 Zietek Czerwonska,B (2095)-Kaczorowska,B (2195) POL-ch (Women) 1990 (15)}) 7... Bb4 8. Bxf6 Qb6 9. Nbd2 Bxc3 10. bxc3 O-O 11. Nb3 Qc7 12. O-O-O Na5 13. Kb2 b5 14. Bxb5 Rb8 15. Be2 Nc6 16. h4 a5 17. a4 Qb6 18. h5 Qxf2 19. Bb5 Na7 20. hxg6 fxg6 21. Rxh7 Kxh7 22. Rh1+ Kg8 23. Rh8+ Kf7 24. Rh7+ Kg8 25. Rg7+ Kh8 26. Rf7+ Kg8 27. Rg7+ Kh8 28. Rf7+ Kg8 29. Rg7+ 1/2-1/2

[Event "45th Olympiad 2024"]
[Site "Budapest HUN"]
[Date "2024.09.18"]
[Round "7.62"]
[Board "3"]
[White "Kebede, Yoseph Kifle"]
[Black "Zaw, Ye Htut"]
[Result "1-0"]
[WhiteElo "2037"]
[BlackElo "1815"]
[PlyCount "145"]
[EventDate "2024.09.11"]
[WhiteTeam "Ethiopia"]
[BlackTeam "Myanmar"]
[WhiteTeamCountry "ETH"]
[BlackTeamCountry "MYA"]

1. e4 d5 2. exd5 Qxd5 3. Nc3 Qa5 4. Bc4 Nf6 5. d3 Nc6 6. Bd2 Qc5 7. Be3 ({RR} 7. Nf3 Bg4 8. h3 Qh5 9. Bb5 Bxf3 10. gxf3 Qc5 11. Be3 Qd6 12. Qe2 a6 13. Ba4 e6 14. O-O-O O-O-O 15. Ne4 Qd5 16. c4 Qa5 17. Bxc6 bxc6 18. Kb1 Be7 19. Rhg1 g6 20. Bd2 Qb6 21. Bc3 Nxe4 {½-½ Espinosa Aranda,A (2511)-Gelman,A (2403) Titled Tuesday intern op 5th Nov blitz 2019 (7)}) ({RR} 7. a3 Bg4 8. f3 Bd7 9. Qe2 e5 10. b4 Qe7 11. Bg5 Nd4 12. Qf2 b5 13. Nd5 Qd6 14. Bxf6 gxf6 15. Ba2 c6 16. Ne3 Bh6 17. Nd1 Be6 18. c3 Nf5 19. Bxe6 fxe6 20. g4 Ne7 21. Qc2 Nd5 {½-½ Batkoski,N (1791)-Gaberov,T (1669) Open ch-MKD 2024 (6.16)}) 7... Qd6 8. Nb5 $146 ({RR} 8. Qd2 e6 9. Nf3 Qd8 10. h3 Be7 11. O-O-O O-O 12. g4 Nd5 13. d4 Bb4 14. Qd3 Na5 15. Ng5 g6 16. h4 Nxc4 17. Qxc4 Bxc3 18. bxc3 b5 19. Qd3 h6 20. Ne4 Nxe3 21. Qxe3 Bb7 22. d5 Bxd5 {1-0 Reshef,O (2098)-Zak,U (2308) Czerniak Memorial schev 26th 2011 (2)}) 8... Qd8 9. Nf3 a6 10. Nc3 e6 11. a4 Bb4 12. O-O O-O 13. h3 Ne7 14. Bg5 Ng6 15. Bxf6 Qxf6 16. Ne4 Qd8 17. g3 e5 18. Nfg5 Nh8 19. Nxh7 Kxh7 20. Qh5+ Kg8 21. f4 Be7 22. f5 Bxf5 23. Qxf5 Qd4+ 24. Kh1 Rad8 25. Qh5 b5 26. axb5 axb5 27. Bxb5 Qxb2 28. Rab1 Qxc2 29. Rfc1 Qa2 30. Bc4 Qa7 31. Qxe5 Bd6 32. Qg5 Qd4 33. Rf1 Be5 34. Rf5 Rfe8 35. Rbf1 Rd5 36. Bxd5 Qxd5 37. R5f3 Qc6 38. Qc1 Qd7 39. Kg2 Rb8 40. Qg5 Bd4 41. Qf5 Qc6 42. h4 f6 43. Rd1 Nf7 44. Rd2 Ne5 45. Rf1 Rb3 46. Kh3 Qd7 47. Qxd7 Nxd7 48. Rc2 c5 49. Rd1 Kf7 50. Ra2 Ne5 51. Ra7+ Kg8 52. Ra8+ Kh7 53. Nxc5 Bxc5 54. d4 Nd3 55. Rxd3 Rxd3 56. dxc5 Rc3 57. Rc8 Rc4 58. c6 Kg6 59. c7 Kf5 60. g4+ Kf4 61. g5 f5 62. g6 Rc3+ 63. Kg2 Kg4 64. h5 f4 65. h6 f3+ 66. Kf2 Rc2+ 67. Ke3 f2 68. Rf8 f1=Q 69. Rxf1 Rxc7 70. Rf7 Rc8 71. Rxg7 Kh5 72. h7 Re8+ 73. Kd4 1-0

[Event "45th Olympiad 2024"]
[Site "Budapest HUN"]
[Date "2024.09.18"]
[Round "7.62"]
[Board "4"]
[White "Linn Phone Myat"]
[Black "Shiferaw, Yalemzewde Mekonnen"]
[Result "0-1"]
[WhiteElo "1763"]
[BlackElo "2025"]
[PlyCount "86"]
[EventDate "2024.09.11"]
[WhiteTeam "Myanmar"]
[BlackTeam "Ethiopia"]
[WhiteTeamCountry "MYA"]
[BlackTeamCountry "ETH"]

1. e4 c5 2. Nf3 d6 3. d4 cxd4 4. Nxd4 Nf6 5. Nc3 a6 6. Bg5 e6 7. f4 Qb6 8. Qd2 Qxb2 9. Rb1 Qa3 10. f5 Nc6 11. fxe6 fxe6 12. Bc4 Nxd4 13. Qxd4 Be7 14. e5 dxe5 15. Qxe5 Qc5 16. Qxc5 Bxc5 17. Bxf6 gxf6 18. Ne4 Be7 19. O-O $146 ({RR} 19. Rb6 f5 20. Nd6+ Bxd6 21. Rxd6 Ke7 22. Rb6 Rd8 23. Ke2 Rd6 24. Rxd6 Kxd6 25. Rd1+ Ke7 26. Rd3 Bd7 27. Rh3 Rh8 28. Rh6 Kf7 29. Bd3 Kg7 30. Rh4 e5 31. Rb4 b5 32. a4 e4 33. Bxb5 axb5 {0-1 Nikouline,A (2140)-Lipnowski,S (2281) Winnipeg Yanofsky Memorial 2007 (3)}) 19... Rf8 20. a4 Bd7 21. Ng3 O-O-O 22. Rf3 e5 23. Bxa6 Bc5+ 24. Kf1 Bc6 25. Rc3 bxa6 26. Rxc5 Kc7 27. Nf5 Rd5 28. Rxc6+ Kxc6 29. Ne7+ Kc5 30. Nxd5 Kxd5 31. Rb6 f5 32. Rxa6 Rc8 33. Rf6 Ke4 34. Rh6 Rxc2 35. Rxh7 Ra2 36. Rh4+ f4 37. g3 Kf3 38. Ke1 Ke3 39. Kd1 f3 40. Rh5 e4 41. Rf5 Rxh2 42. Rb5 Rh1+ 43. Kc2 f2 0-1

[Event "45th Olympiad 2024"]
[Site "Budapest HUN"]
[Date "2024.09.18"]
[Round "7.63"]
[Board "1"]
[White "Krieger, Markus"]
[Black "Aziz, Husain"]
[Result "0-1"]
[WhiteElo "2153"]
[BlackElo "2340"]
[PlyCount "74"]
[EventDate "2024.09.11"]
[WhiteTeam "Liechtenstein"]
[BlackTeam "Qatar"]
[WhiteTeamCountry "LIE"]
[BlackTeamCountry "QAT"]

1. e4 c6 2. d4 d5 3. exd5 cxd5 4. Nf3 Nc6 5. Ne5 Nf6 6. Bb5 Bd7 7. Nxd7 Qxd7 8. c3 e6 9. O-O Bd6 10. Nd2 Qc7 11. g3 O-O 12. Re1 a6 13. Bd3 ({RR} 13. Bf1 Rae8 14. Nf3 Ne4 15. Bg2 f5 16. Ng5 h6 17. Nxe4 fxe4 18. Be3 Ne7 19. f3 exf3 20. Bxf3 Nf5 21. Bf2 Qf7 22. Rf1 Qd7 23. Bg2 Rf6 24. Qe2 Ref8 25. Rae1 b5 26. a3 Bc7 27. Bh3 Re8 {½-½ So,W (2753)-Firouzja,A (2777) chess.com SpeedChess 2023 (2.30)}) 13... b5 ({RR} 13... Rae8 14. Nf3 h6 15. Bd2 Re7 16. Re2 Rfe8 17. Qc2 e5 18. dxe5 Nxe5 19. Nxe5 Rxe5 20. Rae1 Qc6 21. Be3 R5e7 22. Bd4 Ne4 23. Kg2 b5 24. f3 Nc5 25. Bf5 Ne6 26. Be5 Kf8 27. Bxe6 Rxe6 28. Qh7 {½-½ Yu Yangyi (2720)-Rakhmanov,A (2614) Chessable Masters Play-In 2024 (8)}) 14. a3 $146 ({RR} 14. Nf3 b4 15. Bg5 bxc3 16. Bxf6 gxf6 17. bxc3 Ne7 18. Qd2 Kg7 19. Rac1 Rfc8 20. c4 dxc4 21. Rxc4 Qb6 22. Rxc8 Rxc8 23. Rb1 Qc6 24. Qe2 a5 25. Nd2 f5 26. Nc4 Bc7 27. Ne5 Qd6 28. Bc4 Bb6 {0-1 Abdurakhmanov,M (2284)-Gajewski,G (2618) Titled Tuesday intern op 6th June blitz 2020 (5)}) 14... Na5 15. Nf3 Nc4 16. Qe2 Rfe8 17. Ne5 Bxe5 18. dxe5 Nd7 19. Bf4 Nf8 20. h4 Ng6 21. h5 Nxf4 22. gxf4 f5 23. exf6 Qxf4 24. Bxc4 bxc4 25. fxg7 Ra7 26. Qe5 Rxg7+ 27. Kf1 Qf3 28. Rad1 h6 29. Qh2 Rg5 30. Rd4 Rxh5 31. Rh4 Qd3+ 32. Re2 Rxh4 33. Qxh4 Kh7 34. Qf4 Qg6 35. Re3 Rg8 36. Qe5 Qb1+ 37. Re1 Qd3+ 0-1

[Event "45th Olympiad 2024"]
[Site "Budapest HUN"]
[Date "2024.09.18"]
[Round "7.63"]
[Board "2"]
[White "Erfan, Mohamad Firdaus"]
[Black "Heron, Andrew"]
[Result "1/2-1/2"]
[WhiteElo "1758"]
[BlackElo "2026"]
[PlyCount "111"]
[EventDate "2024.09.11"]
[WhiteTeam "Qatar"]
[BlackTeam "Liechtenstein"]
[WhiteTeamCountry "QAT"]
[BlackTeamCountry "LIE"]

1. d4 Nf6 2. c4 g6 3. Nc3 d5 4. cxd5 Nxd5 5. e4 Nxc3 6. bxc3 Bg7 7. Nf3 c5 8. h3 Nc6 9. Be3 O-O 10. Be2 cxd4 11. cxd4 Qa5+ 12. Bd2 Qa3 13. d5 Ne5 14. Nxe5 Bxe5 15. O-O Bd7 16. Rb1 Ba4 17. Qc1 Qxa2 18. Bc4 Qc2 19. Qxc2 $146 ({RR} 19. Rxb7 Rfb8 20. Qxc2 Bxc2 21. Rxe7 Bf6 22. Rc7 Be5 23. d6 Bb3 24. Bxb3 Rxb3 25. Rc6 Rd3 26. Bh6 Rxd6 27. Rxd6 Bxd6 28. Rd1 Bf8 29. Bxf8 Kxf8 30. Ra1 a5 31. f4 a4 32. Ra3 Ke7 33. Kf2 Kd6 {0-1 Wheeler,C (2398)-Sorokin,A (2521) US Collegiate Rapid 2020 (5)}) 19... Bxc2 20. Rxb7 Bd6 21. Re1 Rfb8 22. Ba6 Rxb7 23. Bxb7 Rb8 24. Bc6 Rb1 25. Rxb1 Bxb1 26. Be3 a5 27. Bb6 Bxe4 28. f3 Bd3 29. Bxa5 f5 30. Bb6 f4 31. h4 Kg7 32. Kh2 Bf5 33. Bb5 Kf6 34. Bd4+ Be5 35. Bc5 Kf7 36. Bf2 Bc8 37. Bd3 Bb7 38. Be4 Ke8 39. g3 fxg3+ 40. Bxg3 Bxg3+ 41. Kxg3 Bc8 42. h5 Kf7 43. hxg6+ hxg6 44. f4 Kf6 45. Kf3 Bb7 46. Ke3 Ba6 47. Kd4 Bc8 48. Ke3 Bg4 49. Kd4 Bh5 50. Ke3 g5 51. fxg5+ Kxg5 52. Kd4 Kf4 53. Bd3 Bf3 54. Bc2 Bxd5 55. Kxd5 e6+ 56. Kxe6 1/2-1/2

[Event "45th Olympiad 2024"]
[Site "Budapest HUN"]
[Date "2024.09.18"]
[Round "7.63"]
[Board "3"]
[White "Frick, Renato"]
[Black "Al-Kuwari, Turki"]
[Result "1-0"]
[WhiteElo "1925"]
[BlackElo "1577"]
[PlyCount "89"]
[EventDate "2024.09.11"]
[WhiteTeam "Liechtenstein"]
[BlackTeam "Qatar"]
[WhiteTeamCountry "LIE"]
[BlackTeamCountry "QAT"]

1. e4 c5 2. Nf3 g6 3. c4 Bg7 4. d4 cxd4 5. Nxd4 Nc6 6. Be3 Nf6 7. Nc3 O-O 8. Nc2 d6 9. Be2 Bd7 ({RR} 9... Nd7 10. Qd2 a5 11. O-O Nc5 12. f3 a4 13. Rab1 Qa5 14. Kh1 Be6 15. Rfc1 Rfc8 16. Na3 h5 17. Bf1 Ne5 18. Qd1 Kh7 19. Bd2 Qd8 20. Be3 Qa5 21. Nd5 Bxd5 22. exd5 Ned7 23. Nb5 Qd8 24. Rc2 {1-0 Carlsen,M (2837)-Le,Q (2693) Wch Blitz 6th 2012 (25)}) 10. f3 ({RR} 10. Qd2 Qa5 11. f3 Rfc8 12. Rb1 Ne5 13. b3 b5 14. Nxb5 Qxd2+ 15. Kxd2 Bxb5 16. cxb5 d5 17. Bd4 Bh6+ 18. Kd1 Ned7 19. e5 Nh5 20. g3 Ng7 21. f4 Ne6 22. Bg4 Ndf8 23. Bf2 Rc3 24. Nb4 Nc5 {1-0 Hopman,P (2335)-Quinn,J (2067) 38th ChessOrg Open 2023 (5.27)}) 10... a6 11. Qd2 Qc7 $146 ({RR} 11... Qa5 12. O-O Rfc8 13. Rac1 Ne5 14. b4 Qd8 15. c5 Be6 16. Na4 dxc5 17. Qxd8+ Rxd8 18. Nxc5 Bxa2 19. Nxb7 Rdc8 20. Bc5 Nc6 21. Ne3 Nd7 22. Bc4 Bxc4 23. Nxc4 Rc7 24. Nba5 Nxa5 25. Nxa5 Nxc5 26. bxc5 {½-½ Loeber,W (2150)-Toepper,O Wichern op 4th 1997 (2)}) 12. Rc1 Rac8 13. O-O Rfd8 14. b3 Ne5 15. h3 Bc6 16. f4 Ned7 17. Bf3 Nc5 18. Bxc5 dxc5 19. Qe3 Bh6 20. e5 Nd7 21. Bxc6 Qxc6 22. Rcd1 Nb6 23. g4 Bg7 24. Ne4 Rd7 25. Rxd7 Nxd7 26. Rd1 b6 27. a4 f6 28. Qd3 Nf8 29. exf6 Bxf6 30. f5 Kg7 31. Qf3 Nd7 32. g5 Be5 33. Rd5 gxf5 34. Qxf5 e6 35. Rxd7+ Qxd7 36. Qxe5+ Kf8 37. Qh8+ Ke7 38. Qxh7+ Kd8 39. Qh8+ Kc7 40. Qe5+ Kc6 41. Ne3 Rf8 42. a5 Rf3 43. axb6 Rxe3 44. Qxc5+ Kb7 45. Qxe3 1-0

[Event "45th Olympiad 2024"]
[Site "Budapest HUN"]
[Date "2024.09.18"]
[Round "7.63"]
[Board "4"]
[White "Al-Kuwari, Hamad"]
[Black "Schadler, Martin"]
[Result "1-0"]
[WhiteElo "1571"]
[BlackElo "1891"]
[PlyCount "89"]
[EventDate "2024.09.11"]
[WhiteTeam "Qatar"]
[BlackTeam "Liechtenstein"]
[WhiteTeamCountry "QAT"]
[BlackTeamCountry "LIE"]

1. e4 d5 2. exd5 Nf6 3. d4 Nxd5 4. c4 Nb6 5. Nf3 g6 6. Be2 Bg7 7. h3 O-O 8. Nc3 c5 9. Be3 ({RR} 9. d5 e6 10. Bg5 Bxc3+ 11. bxc3 f6 12. Be3 Re8 13. Bxc5 Qc7 14. Bd4 e5 15. Be3 Nxc4 16. Qa4 Nd6 17. O-O Nd7 18. c4 Nf5 19. Bc1 b6 20. Bb2 Nd6 21. Nd2 Nc5 22. Qa3 Bd7 23. Rac1 Rac8 {½-½ Ethereal 13.89_NNUE (3515)-SlowChess Blitz 2.9 avx2 (3491) TCEC 23 Premier 2022 (31.1)}) 9... Na6 10. O-O cxd4 11. Bxd4 Bxd4 $146 ({RR} 11... Bf5 12. Bxg7 Kxg7 13. Qd4+ Qxd4 14. Nxd4 Rad8 15. Nxf5+ gxf5 16. Rfd1 e6 17. a3 Nc5 18. b4 Nb3 19. Rxd8 Rxd8 20. Rd1 Nd4 21. Bf1 Na4 22. Nxa4 Nf3+ 23. gxf3 Rxd1 24. Nc5 b6 25. Na6 Ra1 26. c5 {1-0 Fluvia Poyatos,J-Munoz Mataro op 1998}) 12. Qxd4 Qxd4 13. Nxd4 Bd7 14. Bf3 e5 15. Nb3 Bc6 16. Bxc6 bxc6 17. Na5 Nb4 18. Rad1 c5 19. Rfe1 Rfe8 20. Re2 f5 21. a3 Na6 22. Nb5 e4 23. b3 Re7 24. f3 e3 25. f4 Re4 26. g3 Rb8 27. Nc6 Rb7 28. Nd6 Rd7 29. Ne5 Rd4 30. Rxd4 cxd4 31. Nxd7 Nxd7 32. Nb5 d3 33. Rxe3 Nac5 34. Nc3 d2 35. Nd1 Ne4 36. b4 Nb6 37. c5 Nc4 38. Rd3 g5 39. c6 Nb6 40. c7 Kg7 41. Rd8 h5 42. c8=Q Nxc8 43. Rxc8 Nxg3 44. fxg5 f4 45. Kf2 1-0

[Event "45th Olympiad 2024"]
[Site "Budapest HUN"]
[Date "2024.09.18"]
[Round "7.64"]
[Board "1"]
[White "Dominguez, Jose Manuel"]
[Black "Sihlongonyane, Sikhanyiso"]
[Result "1-0"]
[WhiteElo "2195"]
[BlackElo "1813"]
[PlyCount "125"]
[EventDate "2024.09.11"]
[WhiteTeam "Dominican Republic"]
[BlackTeam "Eswatini"]
[WhiteTeamCountry "DOM"]

1. Nf3 d5 2. b4 Nf6 3. Bb2 e6 4. a3 c5 5. b5 a6 6. e3 axb5 7. Bxb5+ Bd7 8. Be2 Be7 $146 ({RR} 8... Nc6 9. O-O Be7 10. c4 O-O 11. d4 cxd4 12. Nxd4 {½-½ Ehrlich,H (1827)-Rotterdam,B (1630) Muensterland Verbandsliga 1112 2011 (2.8)}) 9. Ne5 O-O 10. Nxd7 Qxd7 11. O-O Nc6 12. c4 d4 13. d3 e5 14. Nd2 Ra6 15. Kh1 Bd6 16. e4 Ne7 17. g3 Ng6 18. Kg2 h6 19. h4 Qc7 20. Bc1 Rfa8 21. Rh1 Nf8 22. h5 Ne6 23. Nf3 Nh7 24. Nh4 Nhg5 25. Bg4 Rb8 26. Rb1 Rb6 27. Ra1 Ra6 28. a4 Rba8 29. Bd2 Qd7 30. Nf5 Bc7 31. Bxg5 hxg5 32. h6 g6 33. Ng7 Kh7 34. Bxe6 fxe6 35. Qg4 Bd8 36. Rab1 Bf6 37. a5 Rxa5 38. Nxe6 Qe7 39. Rb6 R8a6 40. Rhb1 Rxb6 41. Rxb6 Ra6 42. Nf8+ Kxh6 43. Rxb7 Qxb7 44. Qh3+ Kg7 45. Qh7+ Kxf8 46. Qxb7 Re6 47. Qc8+ Kf7 48. Qxc5 Be7 49. Qd5 Kf6 50. c5 g4 51. c6 Bd6 52. Qa5 Re7 53. Qd8 Bc7 54. Qc8 Bd6 55. Kf1 Rc7 56. Qa8 Ke7 57. Ke2 Kf6 58. Kd1 Ke7 59. Kc2 Bc5 60. Kb3 Kd6 61. Kc4 Rxc6 62. Qd8+ Ke6 63. Qd5+ 1-0

[Event "45th Olympiad 2024"]
[Site "Budapest HUN"]
[Date "2024.09.18"]
[Round "7.64"]
[Board "2"]
[White "Dlamini Simphiwe"]
[Black "Camacho Campusano, David Daniel"]
[Result "1/2-1/2"]
[WhiteElo "1747"]
[BlackElo "2219"]
[PlyCount "72"]
[EventDate "2024.09.11"]
[WhiteTeam "Eswatini"]
[BlackTeam "Dominican Republic"]
[BlackTeamCountry "DOM"]

1. e4 e5 2. Nf3 Nc6 3. d3 Nf6 4. g3 d5 5. Nbd2 dxe4 6. dxe4 Bg4 7. Bg2 Bc5 8. O-O Qd7 9. c3 O-O 10. b4 $146 ({RR} 10. Re1 Rfd8 11. b4 Bb6 12. Bb2 a6 13. Nc4 Qe6 14. Qb3 h6 15. Ncxe5 Qxb3 16. axb3 Nxe5 17. Nxe5 Rd2 18. Rf1 Rxb2 19. Nc4 Rxb3 20. Nxb6 cxb6 21. e5 Nd7 22. Bxb7 Ra7 23. Bxa6 Rxc3 24. f4 Nb8 {½-½ Moran,M-Yamasaki,H Pan American-ch U12 Girls 6th 1994 (2)}) 10... Bd6 11. Re1 a5 12. b5 Ne7 13. a4 Rfd8 14. Nc4 Qe6 15. Qe2 h6 16. Bb2 Nc8 17. Rad1 Nb6 18. Nxd6 Rxd6 19. c4 Nxa4 20. h3 Bxf3 21. Bxf3 Nxb2 22. Qxb2 a4 23. Rxd6 cxd6 24. Qb4 b6 25. Ra1 a3 26. Ra2 Qc8 27. Qb3 Qc5 28. Qd3 Nd7 29. Be2 Qb4 30. Kg2 Nc5 31. Qxd6 Qb2 32. Rxb2 axb2 33. Bd3 Nxd3 34. Qxd3 Ra1 35. Qd8+ Kh7 36. Qd7 b1=Q 1/2-1/2

[Event "45th Olympiad 2024"]
[Site "Budapest HUN"]
[Date "2024.09.18"]
[Round "7.64"]
[Board "3"]
[White "Jimenez Jimenez, Leandro"]
[Black "Nxumalo, Vuyo"]
[Result "1-0"]
[WhiteElo "2188"]
[BlackElo "1746"]
[PlyCount "135"]
[EventDate "2024.09.11"]
[WhiteTeam "Dominican Republic"]
[BlackTeam "Eswatini"]
[WhiteTeamCountry "DOM"]

1. d4 d5 2. c4 e6 3. Nf3 Nf6 4. g3 c6 5. Bg2 Bd6 6. O-O O-O 7. Qc2 Nbd7 8. Nbd2 Re8 9. e4 dxe4 10. Ng5 e5 11. Ndxe4 Bc7 12. d5 cxd5 13. cxd5 h6 14. Nxf6+ $146 ({RR} 14. d6 Bb6 15. Qc4 hxg5 16. Nxg5 Rf8 17. Qh4 Nc5 18. b4 Ne6 19. Be4 Re8 20. Bh7+ Kf8 21. Rd1 Bd4 22. b5 Nxg5 23. Bxg5 Qxd6 24. Bc2 Ng8 25. Qh8 Be6 26. Rab1 Qb6 27. Rxd4 Qxd4 28. Be3 Qd6 {0-1 Lagashin,P (2148)-Terzi,A (2233) Sochi Doroshkevich Amateur op 2017 (4)}) 14... Nxf6 15. Ne4 Nxd5 16. Rd1 Be6 17. Nc5 Nb4 18. Qa4 b5 19. Bxa8 bxa4 20. Rxd8 Rxd8 21. Nxe6 fxe6 22. Bf3 Nd3 23. Be3 Bb6 24. Rd1 Nxb2 25. Rxd8+ Bxd8 26. Bxa7 Nc4 27. Bd1 Nb2 28. Be2 Kf7 29. Bc5 Be7 30. Be3 e4 31. Bh5+ g6 32. Be2 h5 33. Bf1 Nd1 34. Bd4 Bf6 35. Bc5 Nc3 36. Bc4 Nd5 37. Bb5 Nc3 38. Bc4 Be7 39. Bd4 Bf6 40. Ba7 Ke7 41. Bc5+ Kf7 42. Kf1 Be5 43. Ke1 Kf6 44. Kd2 Kf5 45. h4 Bf6 46. Bb6 Nd5 47. Bc5 Bb2 48. Be2 Ke5 49. Bb5 a3 50. Ba4 Bd4 51. Bxd4+ Kxd4 52. Be8 e3+ 53. fxe3+ Nxe3 54. Bxg6 Nf1+ 55. Kc2 Nxg3 56. Kb3 e5 57. Kxa3 e4 58. Kb3 Nf1 59. Bxh5 Nd2+ 60. Kc2 e3 61. Be2 Ne4 62. h5 Ng3 63. h6 Nxe2 64. h7 Ke4 65. h8=Q Nd4+ 66. Kd1 Kd3 67. Qh7+ Kc3 68. Qe4 1-0

[Event "45th Olympiad 2024"]
[Site "Budapest HUN"]
[Date "2024.09.18"]
[Round "7.64"]
[Board "4"]
[White "Mtsetfwa Philani"]
[Black "Mendez Ramirez, Victor"]
[Result "0-1"]
[WhiteElo "1688"]
[BlackElo "2191"]
[PlyCount "36"]
[EventDate "2024.09.11"]
[WhiteTeam "Eswatini"]
[BlackTeam "Dominican Republic"]
[BlackTeamCountry "DOM"]

1. e4 c5 2. Nf3 g6 3. d4 cxd4 4. Nxd4 Nc6 5. c4 Nf6 6. Nc3 d6 7. Be3 Ng4 8. Bg5 Qb6 9. Nd5 Qxd4 10. Qxd4 Nxd4 11. Nc7+ Kd8 12. Nxa8 Nc2+ 13. Kd2 Nxa1 14. f3 Bh6 15. Bxh6 Nxh6 16. c5 $146 ({RR} 16. g4 f6 17. Bd3 b6 18. Rxa1 Bb7 19. Nxb6 axb6 20. h4 Nf7 21. Kc3 Ne5 22. Be2 g5 23. Rh1 Ke8 24. h5 Kd7 25. b3 Rc8 26. Kd4 e6 27. Rd1 Ke7 28. Rd2 d5 29. exd5 exd5 30. cxd5 Bxd5 {0-1 Agriopoulos,K (1779)-Loutragotis,D (2055) Ef Agonizesthai rapid op 9th 2019 (3.4)}) ({RR} 16. Bd3 b6 17. Rxa1 Bb7 18. Nxb6 axb6 19. b4 Kc7 20. a4 Ra8 21. a5 bxa5 22. bxa5 Ba6 23. Kc3 Rb8 24. Re1 e5 25. Re2 f6 26. Rd2 Nf7 27. h4 Nd8 28. Ra2 Ne6 29. g3 Nd4 30. f4 Rb3+ {0-1 Allahverdiyeva,A (2088)-Tronenkovs,V (2265) Titled Tuesday intern op 17th Nov blitz 2020 (9)}) 16... dxc5 17. Bb5 Bd7 18. Bc4 Kc8 0-1

[Event "45th Olympiad 2024"]
[Site "Budapest HUN"]
[Date "2024.09.18"]
[Round "7.65"]
[Board "1"]
[White "De Mey, Juan Pablo"]
[Black "Pg, Md Omar Ak Hafizon"]
[Result "1/2-1/2"]
[WhiteElo "1992"]
[BlackElo "2159"]
[PlyCount "93"]
[EventDate "2024.09.11"]
[WhiteTeam "Aruba"]
[BlackTeam "Brunei Darussalam"]
[WhiteTeamCountry "ARN"]

1. e4 c5 2. Nf3 e6 3. d4 cxd4 4. Nxd4 Nc6 5. Nc3 a6 6. a3 d6 7. g4 ({RR} 7. Be2 Nf6 8. O-O Be7 9. Be3 O-O 10. f4 e5 11. fxe5 dxe5 12. Nf5 Bxf5 13. Rxf5 Qc7 14. Nd5 Nxd5 15. exd5 Nd4 16. Bxd4 exd4 17. Bd3 g6 18. Rf1 Bd6 19. g3 Rae8 20. Qg4 Re5 21. Rae1 Rxd5 {½-½ Sevian,S (2696)-Firouzja,A (2777) Saint Louis Blitz 2023 (14.3)}) ({RR} 7. f4 Nf6 8. Be3 Bd7 9. Be2 Be7 10. Qd2 O-O 11. O-O-O Rc8 12. g4 Nxd4 13. Bxd4 Bc6 14. Bf3 b5 15. g5 Nd7 16. h4 e5 17. Be3 exf4 18. Bxf4 Ne5 19. Bxe5 dxe5 20. Nd5 Bxd5 21. exd5 Bd6 {1-0 Mogirzan,M (1883)-Kobalia,M (2542) Titled Tue 20th Feb Early 2024 (1)}) 7... h6 $146 ({RR} 7... Nge7 8. Be3 b5 9. g5 Bb7 10. Rg1 Nxd4 11. Qxd4 Nc6 12. Qd2 Ne5 13. Be2 Rc8 14. f4 Nc4 15. Bxc4 Rxc4 16. Bd4 Qa5 17. Qe3 Rc6 18. O-O-O b4 19. axb4 Qxb4 20. Nd5 Qa5 21. Kb1 Rc8 22. Rd3 {1-0 Nasuta,G (2546)-Hnydiuk,A (2361) ch-POL Semifinal 2022 (9.1)}) ({RR} 7... Nge7 8. Be3 b5 9. g5 Bb7 10. Rg1 Rc8 11. Qd2 Nxd4 12. Bxd4 Nc6 13. Be3 Ne5 14. Rg3 Be7 15. O-O-O O-O 16. f4 Nc4 17. Bxc4 Rxc4 18. f5 Re8 19. fxe6 fxe6 20. g6 Bf6 21. gxh7+ Kh8 22. Bg5 {1-0 Nasuta,G (2546)-Grigoriants,S (2553) Titled Tue 13th Dec Late 2022 (4)}) 8. Be3 Nf6 9. Rg1 Bd7 10. Be2 Rc8 11. h4 h5 12. g5 Ng4 13. Nxc6 Rxc6 14. Bxg4 hxg4 15. Qxg4 g6 16. Bd2 Bg7 17. Qg3 b5 18. Rf1 Qb8 19. e5 b4 20. axb4 Qxb4 21. f4 dxe5 22. O-O-O Rb6 23. b3 Qa3+ 24. Kb1 e4 25. Bc1 Qa5 26. Bb2 Bc6 27. h5 Rxh5 28. Rfe1 Qf5 29. Qe3 Rb7 30. Nxe4 Bxe4 31. Qxe4 Qxe4 32. Rxe4 Bxb2 33. Kxb2 Rh2 34. Rc4 Rf2 35. Rd6 Ra7 36. b4 Ke7 37. Rb6 Rd2 38. Rcc6 Rd4 39. Kb3 a5 40. bxa5 Rxa5 41. Rc7+ Rd7 42. Rxd7+ Kxd7 43. Rb7+ Ke8 44. Rb8+ Ke7 45. Rb7+ Ke8 46. Rb8+ Ke7 47. Rb7+ 1/2-1/2